00788 2200289 4500001002100000005001500021035002500036007000300061008004100064020002200105040001700127041000800144082001500152084002100167100002700188245005100215250001100266260003600277300003800313504002700351650002400378850001200402090002100414999002100435990002100456990002100477INLIS00000000003277220190925030255 a0010-121700000000045ta171212s2017 yoi g 0 ind d a978-602-401-876-4 aYOPDYOGbind0 aind04223a658.23 aDEP 658.23 Muh P0 aMuhammad Arifepenulis0 aPerancangan tata letak pabrik /cMuhammad Arif aCet. 1 aYogyakarta :bDeepublish,c2017 axiii, 147 hlm. :bilus. ;c20 cm. aBibliografi : hlm. 146 4aPabrik--xManajemen aYOPDYOG aCB-D.11 2017-775 aCB-D.11/2017-775 aCB-D.11/2017-775 aCB-D.11/2017-775